000 00545nam a2200181 4500
003 LK-CoDNM
005 20231124101732.0
008 231124b |||||||| |||| 00| 0 eng d
020 _a9789553117557
040 _aLK-CoDNM
_dLK-CoDNM
_eLK-CoDNM
041 _asin
080 _a330
_bරාජර
100 _aරාජරත්නම්, මිල්ටන්
_vRajarathnam,Milton
245 _aනැගෙනහිර ආසියාවේ නැගීම
260 _aNugegoda
_bsarasavi
_c2019
300 _a160p;21cm
942 _n0
_cBK
999 _c143684
_d143684